UK Cities by Neighbourhoods - Statistics

General Stats
  • This quiz has been taken 9 times
  • The average score is 18 of 40
Answer Stats
Neighbourhoods City/Town % Correct
Aston, Bournville, Edgbaston Birmingham
100%
Burley, Harehills, Headingley Leeds
100%
Andersonstown, Ormeau, Titanic Quarter Belfast
89%
Kennington, Mile End, Woolwich London
89%
Leith, New Town, Old Town Edinburgh
78%
Edge Hill, Everton, Kensington Liverpool
78%
Byker, Fawndon, Jesmond Newcastle
78%
Devonport, Keyham, The Hoe Plymouth
78%
Fratton, Hilsea, Southsea Portsmouth
78%
Boscombe, Southbourne, Westbourne Bournemouth
67%
Bedminster, Clifton, Fishponds Bristol
67%
Cowcaddens, Kelvinbridge, Springburn Glasgow
67%
Leigh-on-Sea, Prittlewell, Shoeburyness Southend
67%
Chorlton, Fallowfield, Longsight Manchester
56%
Abbey, King's Hedges, Trumpington Cambridge
44%
Binley, Canley, Fletchamstead Coventry
44%
Cowley, Headington, Summetown Oxford
44%
Hightown, Rhosddu, Rhosnesni Wrexham
44%
Bathwick, Coobe Down, Twerton Bath
33%
Layton, North Shore, South Shore Blackpool
33%
Cathedral Quarter, St. Dunstan's, St. Stephen's Canterbury
33%
Earlham, Eaton, Lakenham Norwich
33%
Caversham,Tilehurst, Whitley Reading
33%
Ocean Village, Shirley, St. Deny's Southampton
33%
Hafod, Maritime Quarter, Mayhill Swansea
33%
Acomb, Clifton, Heworth York
33%
Footdee, Hilton, Torry Aberdeen
22%
Hanover, North Laine, Patcham Brighton
22%
Chaddesden, Little Chester, Normanton Derby
22%
Alphington, Heavitree, Pinhoe Exeter
22%
Crown, Dalneigh, Lochardil Inverness
22%
California, Chantry, Maidenhall Ipswich
22%
Attercliffe, Broomfield, Ranmoor Sheffield
22%
Chell, Hanley, Longton Stoke-on-Trent
22%
Astley Bridge, Great Lever, Tonge Bolton
11%
Birchwood, Boultham, Ermine Lincoln
11%
Cotton End, Dallington, Wootton Northampton
11%
Dunkirk, Lenton, Meadows Nottingham
11%
Canford Cliffs, Lilliput, Parkstone Poole
11%
Bradwell, Fishermead, Springfield Milton Keynes
0%
No matching quizzes found
Score Distribution
Percent of People with Each Score
Percentile by Number Answered
Your Score History
You have not taken this quiz